Statistics for Caribbean Capitals

Click here to take the quiz!

General Stats

  • This quiz has been taken 4,060 times
  • The average score is 26 of 43

Answer Stats

Country/TerritoryAnswer% Correct
CubaHavana
93%
JamaicaKingston
92%
MexicoMexico City
90%
BahamasNassau
89%
PanamaPanama City
89%
GrenadaSt. George's
89%
HaitiPort-au-Prince
88%
ColombiaBogota
86%
El SalvadorSan Salvador
86%
VenezuelaCaracas
84%
GuatemalaGuatemala City
84%
Costa RicaSan Jose
84%
Dominican RepublicSanto Domingo
84%
GuyanaGeorgetown
82%
Cayman IslandsGeorge Town
82%
Trinidad and TobagoPort of Spain
80%
BelizeBelmopan
79%
BarbadosBridgetown
79%
NicaraguaManagua
79%
Antigua and BarbudaSt. John's
78%
HondurasTegucigalpa
73%
SurinameParamaribo
72%
Saint Vincent and the GrenadinesKingstown
70%
DominicaRoseau
70%
Saint LuciaCastries
67%
GuadalopueBasse-Terre
64%
Saint Christopher and NevisBasseterre
64%
Puerto RicoSan Juan
62%
French GuianaCayenne
42%
ArubaOranjestad
30%
Sint EustatiusOranjestad
30%
CuracaoWillemstad
28%
MartiniqueFort-de-France
24%
British Virgin IslandsRoad Town
24%
Turks and Caicos IslandsCockburn Town
22%
AnguillaThe Valley
22%
US Virgin IslandsCharlotte Amalie
21%
MontserratPlymouth or Brades
21%
Sint MaartenPhilipsburg
16%
Saint BarthelemyGustavia
15%
Saint MartinMarigot
15%
SabaThe Bottom
15%
BonaireKralendijk
12%

Score Distribution

Percentile by Number Answered

Percent of People with Each Score

Your Score History

You have not taken this quiz